000 00861nam a2200301Ia 4500
001 dia_5894
003 CHAP
005 20230608135626.0
008 220117s2012 xx 000 0 und d
010 _a177019
020 _a978-607-8172-07-8
040 _cCHAP
082 _a641.35652 F75 2012
110 _aFundación Herdez
_9159955
245 _aEl frijol : un regalo de México al mundo /
_c Fundación Herdez
260 _aMéxico :
_b Fundación Herdez,
_c2012
300 _a108 p.
503 _aD.
504 _aBibliografía: p. 106-108
590 _aSB327 F75 2012
650 _aBeans
_xMexico
_9159956
650 _aFrijoles
_xMéxico
_9159957
710 _aFundación Herdez
_9159955
901 _a641.35652 F75 2012
902 _aM
905 _a5232272012 MX D 8222123322SPA16
942 _cLIBRO
_2ddc
999 _c177019
_d177019